[Event "Bled Planinc Memorial 1st"]
[Site "Bled"]
[Date "2018.11.24"]
[Round "1"]
[White "Tsygankova, Enni"]
[Black "Wahlbom, Magnus"]
[Result "0-1"]
[WhiteElo "1760"]
[BlackElo "2173"]
[PlyCount "60"]
[EventDate "2018.11.24"]
[EventType "swiss (blitz)"]
[EventRounds "9"]
[EventCountry "SLO"]
[SourceTitle "CBM 187 Extra"]
[Source "ChessBase"]
[SourceDate "2018.11.04"]
[SourceVersion "1"]
[SourceVersionDate "2018.11.04"]
[SourceQuality "1"]

1. d4 Nf6 2. Bf4 g6 3. e3 Bg7 4. c3 d6 5. h3 0-0 6. Nf3 Nbd7 7. Nbd2 Re8 8. Bh2 e5 9. dxe5 dxe5 10. Be2 b6 11. 0-0 Bb7 12. Qc2 h5 13. Rfd1 Qe7 14. Bc4 Bd5 15. Bxd5 Nxd5 16. Nc4 c6 17. e4 Nf4 18. Nd6 Rf8 19. Nc4 Rad8 20. Rd2 Nc5 21. Rxd8 Rxd8 22. Re1 f6 23. Bxf4 exf4 24. Nd4 Rc8 25. Nb3 Ne6 26. e5 f5 27. Nd4 c5 28. Nb5 f3 29. Qd2 fxg2 30. Qe3 Qh4 0-1

[Event "Wch Seniors 65 28th"]
[Site "Bled"]
[Date "2018.11.21"]
[Round "4"]
[White "Jansa, Vlastimil"]
[Black "Wahlbom, Magnus"]
[Result "1-0"]
[WhiteElo "2437"]
[BlackElo "2173"]
[PlyCount "73"]
[EventDate "2018.11.18"]
[EventType "swiss"]
[EventRounds "11"]
[EventCountry "SLO"]
[SourceTitle "CBM 187 Extra"]
[Source "ChessBase"]
[SourceDate "2018.11.04"]
[SourceVersion "1"]
[SourceVersionDate "2018.11.04"]
[SourceQuality "1"]

1. e4 c5 2. Nf3 d6 3. d4 cxd4 4. Nxd4 Nf6 5. Nc3 a6 6. Bd3 e5 7. Nde2 Be7 8. 0-0 Nc6 9. Kh1 0-0 10. f4 exf4 11. Nxf4 Ne5 12. Qe1 b5 13. a4 b4 14. Ncd5 Nxd5 15. Nxd5 b3 16. Be3 Rb8 17. Ba7 Nxd3 18. cxd3 Rb7 19. Bd4 Be6 20. Qg3 f6 21. Nf4 Bf7 22. a5 Rb5 23. Bb6 Qd7 24. Ne2 Rg5 25. Qe3 d5 26. Ng3 Be6 27. d4 Bd6 28. e5 Be7 29. Rac1 Rg6 30. Rc7 Qe8 31. Rxe7 Qxe7 32. Bc5 Qd7 33. Bxf8 Kxf8 34. Qxb3 Kf7 35. Qb6 Qc8 36. Ne2 Qc4 37. Rc1 1-0

[Event "Aalborg Larsen Memorial"]
[Site "Aalborg"]
[Date "2018.10.15"]
[Round "3"]
[White "Wahlbom, Magnus"]
[Black "Danielsen, Henrik"]
[Result "1-0"]
[WhiteElo "2159"]
[BlackElo "2502"]
[PlyCount "79"]
[EventDate "2018.10.13"]
[EventType "swiss"]
[EventRounds "7"]
[EventCountry "DEN"]
[SourceTitle "CBM 186 Extra"]
[Source "ChessBase"]
[SourceDate "2018.08.24"]
[SourceVersion "1"]
[SourceVersionDate "2018.08.24"]
[SourceQuality "1"]

1. e4 d6 2. d4 Nf6 3. Nc3 Nbd7 4. Nf3 e5 5. Bc4 Be7 6. 0-0 0-0 7. Re1 c6 8. a4 a5 9. Bg5 h6 10. Bh4 Nh5 11. Bxe7 Qxe7 12. Qd2 Nf4 13. Rad1 Nb6 14. Bf1 Bg4 15. Qe3 Bxf3 16. Qxf3 Ne6 17. Ne2 Qc7 18. b3 Rfe8 19. dxe5 dxe5 20. Qe3 Rad8 21. Ng3 Nd4 22. Nf5 Nxf5 23. exf5 Rxd1 24. Rxd1 Nd5 25. Qc5 Rd8 26. g3 e4 27. Qd4 Re8 28. Bc4 Nf6 29. Kg2 Qc8 30. Qc5 Rd8 31. Rxd8+ Qxd8 32. Qe5 b6 33. h3 Qe8 34. Qd4 b5 35. Bf1 bxa4 36. bxa4 Qd7 37. Qb6 Qd5 38. c4 Qxf5 39. Qxc6 Nd7 40. Be2 1-0

[Event "Wch Seniors 65 26th"]
[Site "Marianske Lazne"]
[Date "2016.11.21"]
[Round "3"]
[White "Batakovs, Olegs N"]
[Black "Wahlbom, Magnus"]
[Result "0-1"]
[WhiteElo "2034"]
[BlackElo "2215"]
[PlyCount "102"]
[EventDate "2016.11.19"]
[EventType "swiss"]
[EventRounds "11"]
[EventCountry "CZE"]
[SourceTitle "CBM 175 Extra"]
[Source "ChessBase"]
[SourceDate "2016.12.12"]
[SourceVersion "1"]
[SourceVersionDate "2016.12.12"]
[SourceQuality "1"]

1. e4 c5 2. Nf3 d6 3. d4 cxd4 4. Nxd4 Nf6 5. Nc3 a6 6. Be3 e5 7. Nb3 Qc7 8. f3 Be7 9. Qd2 Be6 10. 0-0-0 0-0 11. g4 Rc8 12. g5 Nh5 13. Kb1 Nd7 14. Qf2 Nf4 15. h4 b5 16. Rd2 b4 17. Ne2 Nxe2 18. Bxe2 a5 19. Bb5 a4 20. Bxd7 Bxd7 21. Na1 a3 22. bxa3 Rxa3 23. Rd3 Ra4 24. Rb3 Be6 25. Rb2 Rca8 26. Nb3 Qc6 27. Rd1 Qa6 28. Rd3 Rxa2 29. Rxa2 Qxa2+ 30. Kc1 Bc4 31. Qd2 Rc8 32. Kd1 Bxd3 33. Qxd3 Qb2 34. Bd2 Qa3 35. Qb5 Qa2 36. Qd3 Qa4 37. Qd5 Qa6 38. Qd3 Qxd3 39. cxd3 d5 40. exd5 Rd8 41. Ke2 Rxd5 42. Ke3 f5 43. gxf6 gxf6 44. Ke4 Rd8 45. d4 exd4 46. Nxd4 f5+ 47. Nxf5 Rxd2 48. Nxe7+ Kf7 49. Nc6 b3 50. Ne5+ Ke6 51. Nc4 Rc2 0-1

[Event "Aalborg Larsen Memorial"]
[Site "Aalborg"]
[Date "2016.10.17"]
[Round "3"]
[White "Sollid, Stein"]
[Black "Wahlbom, Magnus"]
[Result "0-1"]
[WhiteElo "2024"]
[BlackElo "2203"]
[PlyCount "43"]
[EventDate "2016.10.15"]
[EventType "swiss"]
[EventRounds "7"]
[EventCountry "DEN"]
[SourceTitle "CBM 175 Extra"]
[Source "ChessBase"]
[SourceDate "2016.12.12"]
[SourceVersion "1"]
[SourceVersionDate "2016.12.12"]
[SourceQuality "1"]

1. e4 c5 2. Nf3 d6 3. Bb5+ Nd7 4. d4 cxd4 5. Qxd4 a6 6. Bxd7+ Bxd7 7. Nc3 e5 8. Qd3 h6 9. 0-0 Nf6 10. b3 Be7 11. Bb2 0-0 12. a4 b6 13. Nd2 Qc7 14. f4 Be6 15. f5 Bc8 16. Nc4 Bb7 17. Qe3 d5 18. Nxd5 Nxd5 19. Bxe5 Qxe5 20. exd5 Qxe3+ 21. Nxe3 Bc5 22. d6 0-1

[Event "Aalborg Larsen Memorial"]
[Site "Aalborg"]
[Date "2016.10.16"]
[Round "2"]
[White "Wahlbom, Magnus"]
[Black "Hvenekilde, Jorgen"]
[Result "1/2-1/2"]
[WhiteElo "2203"]
[BlackElo "2060"]
[PlyCount "48"]
[EventDate "2016.10.15"]
[EventType "swiss"]
[EventRounds "7"]
[EventCountry "DEN"]
[SourceTitle "CBM 175 Extra"]
[Source "ChessBase"]
[SourceDate "2016.12.12"]
[SourceVersion "1"]
[SourceVersionDate "2016.12.12"]
[SourceQuality "1"]

1. e4 e5 2. Nf3 d6 3. d4 exd4 4. Nxd4 Nf6 5. Nc3 Be7 6. Be2 0-0 7. 0-0 Re8 8. f4 Bf8 9. Bf3 Na6 10. Re1 c6 11. Be3 Nc5 12. Bf2 a5 13. Kh1 Ne6 14. Qd2 Nxd4 15. Bxd4 a4 16. a3 Nd7 17. Qf2 Ra6 18. Rad1 b5 19. e5 d5 20. f5 c5 21. Bxd5 cxd4 22. e6 Re7 23. exd7 Rxe1+ 24. Qxe1 Qxd7 1/2-1/2